Normal view
MARC view
Entry Topical Term
001 - CONTROL NUMBER
- control field: 10842
003 - CONTROL NUMBER IDENTIFIER
- control field: BD-RjUL
005 - DATE AND TIME OF LATEST TRANSACTION
- control field: 20240115150934.0
008 - FIXED-LENGTH DATA ELEMENTS
- fixed length control field: 240115|| aca||aabn | a|a d
040 ## - CATALOGING SOURCE
- Original cataloging agency: BD-RjUL
- Transcribing agency: BD-RjUL
150 ## - HEADING--TOPICAL TERM
- Topical term or geographic name entry element: Eastern philosophy
- General subdivision: Renaissance
670 ## - SOURCE DATA FOUND
- Source citation: Work cat.: (BD-RjUL)82620: Obaidullah, A Z M 10841, Renaissance and its Impact on Bengal :, 2008